| 000 | 00515nam a22001817a 4500 | ||
|---|---|---|---|
| 999 |
_c174600 _d174600 |
||
| 005 | 20200624131034.0 | ||
| 010 | _aENG-128233 | ||
| 020 |
_c550.00 _a9788192655239 |
||
| 035 | _aEN-111765 | ||
| 037 | _bDBAD/PUB | ||
| 082 | _aS | ||
| 100 | _aKate Douglas Wiggin | ||
| 245 |
_aRose o' the River/ _cby Kate Douglas Wiggin |
||
| 260 |
_aJaipur _bManish Prakashan _c2017 |
||
| 270 |
_a322-iind floor kamla Nehru Nagar,NBC Road Hasanpura-c _bJaipur _e302006 |
||
| 300 |
_a128p. _c24cm(hb) |
||
| 942 |
_2ddc _cEN _hS _mSUB |
||